| Поле | Название | Значение |
| |
Тип записи |
a |
| |
Библиографический уровень |
m |
| 001 |
Контрольный номер |
RU/IS/BASE/552398111 |
| 005 |
Дата корректировки |
20260513161327.6 |
| 010 |
Индекс ISBN |
__ |
| a |
ISBN |
978-5-4238-0251-6 (в обл.) |
| d |
Цена |
461-56 |
| 100 |
Данные общей обработки |
__ |
| a |
Данные общей обработки |
19170703d2013||||||| 0rusy0189 ca |
| 101 |
Язык документа |
1_ |
| a |
Язык текста |
rus |
| c |
Язык оригинала |
eng |
| 102 |
Страна публикации |
__ |
| a |
Страна публикации |
ru |
| 105 |
Кодированные данные (монография) |
__ |
| a |
Кодированные данные (монография) |
ao||||||000zy |
| 200 |
Заглавие и сведения об ответственности |
1_ |
| a |
Заглавие |
Верховая езда и преодоление препятствий |
| e |
Сведения, относящиеся к заглавию |
как добиться победы : пособие для серьезных всадников : [12+] |
| f |
Первые сведения об ответственности |
Вильям Штайнкрауз ; фотографии Alix Coleman and Peter Winants ; [перевод с английского Н. Киселевой] |
| b |
Общее обозначение материала |
Текст |
| 210 |
Выходные данные |
1_ |
| a |
Место издания |
Москва |
| c |
Издательство |
Аквариум |
| d |
Дата издания |
2013 |
| 215 |
Физическое описание |
__ |
| a |
Объем |
205, [2] с. |
| c |
Иллюстрации/тип воспроизводства |
ил., фот. |
| d |
Формат |
20 см |
| 225 |
Серия |
2_ |
| a |
Серия |
Планета лошадей |
| 330 |
Аннотация |
__ |
| a |
Аннотация |
Вильям Штайнкрауз - один из наиболее преуспевающих и наиболее признанных всадников в истории конкура. Член конноспортивной команды США (USET) на протяжении более двадцати лет, ее капитан в течение шестнадцати лет. Он принимал участие в пяти Олимпийских играх и выиграл золотую медаль в индивидуальном зачете в МехикоСити в 1968 году - первую золотую медаль в индивидуальном зачете в конном спорте, выигранную на Олимпийских играх американцем. Он выступал в 39 командах в соревнованиях на Кубок нации, выиграл более сотни индивидуальных международных соревнований, включая большинство наиболее ценных мировых трофеев. Не менее четырех раз был выбран в Холлз оф Фэйм (Залы Славы). Закончив свою спортивную карьеру, он был сначала президентом, а затем председателем USET на протяжении двадцати лет, сейчас он является председателем "Эмеритус". |
| 333 |
Примечание о целевом назначении |
__ |
| a |
Примечание о целевом назначении |
12+. Для детей старше 12 лет |
| 606 |
Тематические рубрики |
__ |
| a |
Основная рубрика |
Физическая культура и спорт |
| 606 |
Тематические рубрики |
__ |
| a |
Основная рубрика |
Конный спорт |
| y |
Географическая подрубрика |
США |
| 610 |
Ключевые слова |
0_ |
| a |
Ключевые слова |
верховая езда |
| a |
Ключевые слова |
всадники |
| a |
Ключевые слова |
конкурсы |
| a |
Ключевые слова |
конные состязания |
| a |
Ключевые слова |
лошади |
| a |
Ключевые слова |
подготовка лошадей |
| a |
Ключевые слова |
преодоление препятствий |
| a |
Ключевые слова |
соревнования |
| 686 |
Индексы других классификаций |
__ |
| 2 |
Код системы |
rubbks |
| a |
Классификационный индекс |
75.722; ст75.722 |
| 700 |
Автор |
_1 |
| a |
Фамилия |
Штайнкрауз |
| b |
Имя |
В. |
| g |
Полное личное имя |
Вильям |
| 4 |
Код отношения |
070 |
| 702 |
Вторичная интеллектуальная ответственность |
_1 |
| a |
Фамилия |
Киселева |
| b |
Имя |
Н. Ю. |
| 4 |
Код отношения |
Переводчик |
| 4 |
Код отношения |
730 |
| 702 |
Вторичная интеллектуальная ответственность |
_1 |
| a |
Фамилия |
Coleman |
| b |
Имя |
A. |
| 4 |
Код отношения |
Фотограф |
| 4 |
Код отношения |
600 |
| 702 |
Вторичная интеллектуальная ответственность |
_1 |
| a |
Фамилия |
Winants |
| b |
Имя |
P. |
| 4 |
Код отношения |
Фотограф |
| 4 |
Код отношения |
600 |
| 801 |
Источник записи |
_0 |
| a |
Страна |
ru |
| b |
Организация |
Муниципальное бюджетное учреждение культуры "Централизованная библиотечная система" г. Сургут (Центральная городская библиотека им. А. С. Пушкина) |
| c |
Дата составления |
20170703 |
| g |
Правила каталогизации |
КиК/Апакова |
| 801 |
Источник записи |
_1 |
| a |
Страна |
ru |
| b |
Организация |
Муниципальное бюджетное учреждение культуры "Централизованная библиотечная система" г. Сургут (Центральная городская библиотека им. А. С. Пушкина) |
| c |
Дата составления |
20170703 |
| g |
Правила каталогизации |
КиК/Апакова |
| 852 |
Данные о местонахождении |
__ |
| j |
Шифр хранения |
75.722 |
| i |
Авторский знак |
Ш 87 |
| 901 |
Тип документа |
__ |
| t |
Тип документа |
m |
| 903 |
Характеристики (МАРС) |
__ |
| a |
Дата передачи |
20170703 |
| 969 |
Тип издания |
__ |
| a |
Тип издания |
пособие |
| 990 |
Данные о заказе (DOS) |
__ |
| j |
Количество экземпляров (DOS) |
2 |
| t |
N записи в КСУ для И/У (DOS) |
201707 |